| 000 | 00932nam a2200289 a 4500 | ||
|---|---|---|---|
| 001 | BRCA_8276 | ||
| 005 | 20190320210216.0 | ||
| 008 | 110614s1958----mx-a###f##---#000-0#spa-# | ||
| 041 | _aspaeng | ||
| 044 | _amx | ||
| 084 |
_aSB409 _b.W75 3 _c1958 |
||
| 100 | 1 |
_aWright, Norman Pelham _911598 |
|
| 245 | 1 | 0 |
_aOrquídeas de México _cN. Pelham Wright ; fotografías de Hugh T. Morgan y Gerald Molina ; prefacio de Juan Balme. |
| 260 |
_aMéxico _bFournier _c1958 |
||
| 300 |
_a23 p. _bil. a color, 40 láminas, 1 mapa _c25 cm. |
||
| 500 | _aIncluye índice de láminas | ||
| 500 | _aEjemplar igual a Y200 y CFG71 | ||
| 500 | _aS59 | ||
| 546 | _aTexto en: español e inglés | ||
| 650 | 1 | 4 |
_aOrquídeas _zMéxico _911599 |
| 650 | 1 | 4 |
_aFloricultura _zMéxico _911600 |
| 700 | 1 |
_aMorgan, Hugh T. _efot. _920668 |
|
| 710 | 2 |
_aMolina, Gerald _efot. _920669 |
|
| 710 | 2 |
_aBalme, Juan _ePref. _920670 |
|
| 902 | _aGFM | ||
| 942 |
_2lcc _cB |
||
| 999 |
_c7944 _d7944 |
||